Poézia vody rozhovor Literárneho týždenníka s Júliusom Binderom

Bibliographic Details
Main Authors: Števček, Pavol, 1932-2003 (uin), Binder, Július, 1931-2021 (Author)
Format: Article
Language:Slovak
PhysicalDescription:Fotogr.
ISSN:0862-5999
Subjects:

MARC

LEADER 00000nab a2200000 a 4500
001 vtls000817273
003 SK-MaSNL
005 20260304104711.0
008 250429c2002 xo 0 slo
015 |a SNBRB2002/12-40066 
035 |a CLN000168928 
035 |a urn:nbn:sk:snk-abag8a 
035 |a (urnnbn)urn:nbn:sk:snk:ar-008pxv 
035 |a (uuid)db8d4395-2cc6-449c-9778-ca40d4029711 
040 |a SNKBUCL  |b slo  |c SNKBUCL  |e AACR2 
041 0 |a slo 
044 |a xo  |c SK 
080 |a 32-051  |2 1997 
080 |a 627.8-051  |2 1997 
080 |a 627.8(437.6)  |2 1997 
100 1 |a Števček, Pavol,  |d 1932-2003  |4 uin  |9 103687 
245 1 0 |a Poézia vody  |b rozhovor Literárneho týždenníka s Júliusom Binderom  |c [zhováral sa] Pavol Štefček 
300 |b Fotogr. 
600 1 7 |a Binder, Július,  |d 1931-2021  |2 snkbucl  |9 13656 
651 7 |a Gabčíkovo (Slovensko : vodné dielo)  |2 snkbucl  |9 131675 
655 7 |a články z novín a časopisov  |2 snkbucl  |9 267496 
700 1 |a Binder, Július,  |d 1931-2021  |4 aut  |9 13656 
773 0 |t Literárny týždenník  |g Roč. 15, č. 41 (2002), s. 9  |x 0862-5999 
850 |a Slovenská národná knižnica 
852 |a Slovenská národná knižnica 
954 |a odborná, vedecká literatúra pôvodná (slovenská)  |2 lita 
958 |a article14 
958 |a SK 
958 |a OND 
958 |a EUIPO 
992 |a RBX 
999 |c 2852553  |d 2854483